[Event "RSA-chT U18"]
[Site "Cape Town"]
[Date "2016.01.04"]
[Round "1.5"]
[White "Fouche, Jestus"]
[Black "Groeneveld, Henri"]
[Result "0-1"]
[WhiteElo "1143"]
[BlackElo "1284"]
[PlyCount "72"]
[EventDate "2016.01.04"]
[EventType "team-tourn"]
[EventRounds "7"]
[EventCountry "RSA"]
[SourceTitle "CBM 170 Extra"]
[Source "ChessBase"]
[SourceDate "2016.02.25"]
[SourceVersion "1"]
[SourceVersionDate "2016.02.25"]
[SourceQuality "1"]
[WhiteTeam "Sedibeng"]
[BlackTeam "Tshwane"]
[WhiteTeamCountry "RSA"]
[BlackTeamCountry "RSA"]

1. e4 c5 2. Nc3 d6 3. Bb5+ Bd7 4. Bxd7+ Nxd7 5. Nf3 Ngf6 6. d3 g6 7. 0-0 Bg7 8. Be3 Ng4 9. Bd2 Rb8 10. Ng5 Nge5 11. f4 Nc6 12. f5 h6 13. Nh3 g5 14. Qf3 Bd4+ 15. Nf2 Nce5 16. Qe2 Qb6 17. Rab1 Nf6 18. Kh1 g4 19. Nd5 Nxd5 20. exd5 h5 21. Bf4 Bxf2 22. Rxf2 f6 23. c3 Qb5 24. Re1 Qxd3 25. Bxe5 Qxe2 26. Rfxe2 dxe5 27. Re4 b5 28. Rd1 Kf7 29. d6 Rhd8 30. h3 gxh3 31. gxh3 Rxd6 32. Rg1 Rg8 33. Rxg8 Kxg8 34. Re2 Rd3 35. Kh2 Rf3 36. Rg2+ Kf7 0-1

[Event "RSA-chT U18"]
[Site "Cape Town"]
[Date "2016.01.04"]
[Round "2.5"]
[White "Luke, Ashwin"]
[Black "Fouche, Jestus"]
[Result "0-1"]
[WhiteElo "1054"]
[BlackElo "1143"]
[PlyCount "38"]
[EventDate "2016.01.04"]
[EventType "team-tourn"]
[EventRounds "7"]
[EventCountry "RSA"]
[SourceTitle "CBM 170 Extra"]
[Source "ChessBase"]
[SourceDate "2016.02.25"]
[SourceVersion "1"]
[SourceVersionDate "2016.02.25"]
[SourceQuality "1"]
[WhiteTeam "Kenneth Kaunda"]
[BlackTeam "Sedibeng"]
[WhiteTeamCountry "RSA"]
[BlackTeamCountry "RSA"]

1. d4 d5 2. Nf3 Nc6 3. c3 Bf5 4. e3 Nf6 5. Bd3 Bg4 6. Nbd2 e5 7. e4 dxe4 8. Nxe4 exd4 9. cxd4 Bxf3 10. Qxf3 Nxd4 11. Nxf6+ gxf6 12. Qxb7 c5 13. 0-0 Be7 14. Be3 Qc8 15. Qe4 Rb8 16. Bxd4 cxd4 17. Qxd4 Qb7 18. Rae1 Qb6 19. Qe4 Qc7 0-1